| 000 | 00689nam a2200253Ia 4500 | ||
|---|---|---|---|
| 003 | OSt | ||
| 005 | 20220924121509.0 | ||
| 006 | a|||||r|||| 00| 0 | ||
| 007 | ta | ||
| 008 | 220923b |||||||| |||| 00| 0 per d | ||
| 024 | _a330115 | ||
| 037 | _cTextual | ||
| 040 |
_aARTS _cARTS _bper |
||
| 041 |
_2per _aper |
||
| 082 | _aR1(P:4)k, 164M0 | ||
| 100 |
_aAnsari Mohammad Au. _9186113 |
||
| 245 | 0 | _aFarhang-e-istelahat-e-muntaqi | |
| 260 |
_aIran _bIntasharat-e-buniyad farhang _c1980 |
||
| 650 | _a LOGIC | ||
| 650 | _a PHILOSOPHY | ||
| 650 | _aDICTIONARIES | ||
| 942 |
_hR1(P:4)k, 164M0 _cTEXL _2CC |
||
| 999 |
_c407756 _d407756 |
||